Számadó bojtár [festmény] /

Elmentve itt :
Bibliográfiai részletek
Szerző: Tornyay János
Dokumentumtípus: Cikk
Megjelent: 1911
Sorozat:Kultura [!Kultúra] : irodalmi, művészeti, kritikai képes havi folyóirat 2 No. 14
Kulcsszavak:Művészet
Online Access:http://misc.bibl.u-szeged.hu/1241
LEADER 00597nab a2200169 i 4500
001 misc1241
005 20191106143800.0
008 170607s1911 hu o 0|| hun d
040 |a SZTE Miscellanea Repozitórium  |b hun 
041 |a hun 
100 1 |a Tornyay János 
245 1 0 |a Számadó bojtár   |h [elektronikus dokumentum] :  |b [festmény] /  |c  Tornyay János 
260 |c 1911 
300 |a 614 
490 0 |a Kultura [!Kultúra] : irodalmi, művészeti, kritikai képes havi folyóirat  |v 2 No. 14 
695 |a Művészet 
856 4 0 |u http://misc.bibl.u-szeged.hu/1241/1/kultura_002_014_614.pdf  |z Dokumentum-elérés